Le roman d' apprentissage, textes commentés

Gardado en:
Detalles Bibliográficos
Autor Principal: Le Gall, Danielle
Formato: Libro
Idioma:Undetermined
Publicado: París, Francia Presses Universitaires de France 1996
Materias:
Etiquetas: Engadir etiqueta
Sen Etiquetas, Sexa o primeiro en etiquetar este rexistro!

MARC

LEADER 00000nam a2200000Ia 4500
008 170316s9999 xx 000 0 und d
040 |a cru BVZT 
090 |a C-840 L-6r 
100 |a Le Gall, Danielle 
245 |a Le roman d' apprentissage, textes commentés 
260 |a París, Francia 
260 |b Presses Universitaires de France 
260 |c 1996 
300 |a 116 páginas 
650 |a LITERATURA FRANCESA 
650 |a CRÍTICA 
999 |c 12995  |d 12995 
942 |c 15 D  |h C-840 L-6r  |2 z